000 00937nam a22002537a 4500
999 _c5588
_d5588
003 AR-CdUCM
008 190312b ||||| |||| 00| 0 spa d
040 _aMUNICIPALIDAD PROVINCIAL DEL CUSCO
_cBIBLIOTECA MUNICIPAL DEL CUSCO
041 _heng
082 _a153 /
_bR85
100 _aRotter, Julian B.
_916718
245 _aPsicología clínica /
260 _aMéxico D. F :
_bUTEHA,
_c1965.
300 _aXI, 186 páginas ;
_btablas,
_c17 cm.
440 _aManuales Uteha.
_n259-259a
_916719
440 _aPsicología sección.
_n8
_916720
505 _aContenido: ¿Que es la psicología clínica? -- Corrientes históricas -- Medida de la inteligencia y de sus capacidades -- Diagnostico de la personalidad -- Psicoterapia...
650 _aPsicologías
_916721
650 _aClínicas
_916722
650 _aInteligencia
_91764
700 _aMillan de Otalora, Laura (traducción)
_916723
942 _2ddc
_cLIBROS
945 _aachl